000 00962nam a22003257a 4500
001 5228
003 FISKH
005 20241120115138.0
008 241120b cb ||||| |||| 00| 0 eng d
020 _a9780545109291
040 _aFISKH
_beng
_cFISKH
_dFISKH
050 _aPZ7.D9117
082 _a813.54
100 _aDuncan, Lois
245 _aNews for Dogs /
_cby Lois Duncan
250 _aThis edition first printing, January 2010
260 _aNew York :
_bScholastic ;
_c2009 .
300 _a217 pages :
_billustrations ;
_c20 cm .
490 _aFor Dogs
_vBook 2
505 _aU
520 _aAndi, Bruce, and their canine companions take on a brand-new adventure - a newspaper for dogs!.
521 8 _a820
_bLexile
521 8 _aU
_bRaz_Plus
650 _aanimals
_vfiction
650 _aadventure
_vfiction
650 _amystery
_vfiction
700 _aHall, Tim
_ebook designer
942 _2ddc
_cBK
_n0
999 _c5228
_d5228